[Event "Linares 18th"]
[Site "Linares"]
[Date "2001.03.04"]
[Round "8"]
[White "Leko, Peter"]
[Black "Grischuk, Alexander"]
[Result "1/2-1/2"]
[WhiteElo "2745"]
[BlackElo "2663"]
[Annotator "Golod,V"]
[PlyCount "95"]
[EventDate "2001.02.23"]
[EventType "tourn"]
[EventRounds "10"]
[EventCountry "ESP"]
[EventCategory "19"]
[SourceTitle "CBM 082"]
[Source "ChessBase"]
[SourceDate "2001.05.17"]
[SourceVersion "1"]
[SourceVersionDate "2001.05.17"]
[SourceQuality "1"]

1. e4 c5 2. Nf3 Nc6 3. d4 cxd4 4. Nxd4 Nf6 5. Nc3 e6 6. Ndb5 Bb4 7. a3 Bxc3+ 8.
Nxc3 d5 9. exd5 {It's main line.} (9. Bd3 $5 {See comments to Ponomariov,
R-Kortschnoj,V/Donetsk,2001/ CBM 81(1/2-1/2) (Golod,V)(63)}) 9... exd5 10. Bd3
O-O 11. O-O d4 $1 {It's best move.} 12. Ne2 $5 (12. Ne4 {Nowadays- 12.Ne4 is
not actual.See comments to Leko,P-Timman,J/Wijk aan Zee,2001/CBM 81(1/2-1/2)
(Golod,V)(52)}) 12... Bg4 $5 {Shipov makes the following comments in "Club
Kasparov":"Black provoke white on a move f2-f3,which will weaken a point e3.At
a case, the black bishop passes on g6".} (12... Re8 $5 {See comments to Bosch,
J-Janssen,R/Wijk aan Zee,1999/CBM 69(1/2-1/2)(Golod,V) (37) Besides,12...Qd5;
12...a6;12...h6;12...Ng4;12...Qd6;and 12...Qb6-was checked in the previous
games.}) 13. Bg5 Qd6 14. Qd2 Bxe2 $5 {Shipov."Beginning of concrete change
operation. A task - to destroy one of the white bishop".} ({Dubious:} 14... Bh5
{[%cal Gh5g6] in view of:} 15. Nf4 {[%csl Rh5]}) 15. Bf4 $5 {[%mdl 4] The
important intermediate move.Differently,at white don't have a advantage:} (15.
Qxe2 Rfe8 16. Qf3 (16. Qd1 $143 Ne5 17. Bh4 Qb6 18. Rb1 Rac8 $11 {Short,
N-Wiedenkeller,M/Esbjerg,1984(0-1)(40)}) 16... Ne5 17. Qg3 (17. Qf5 $143 Nxd3
18. cxd3 Re5 19. Bf4 Rxf5 20. Bxd6 Rd5 21. Bf4 Nd7 22. Rac1 g5 23. Bg3 Nc5 24.
Rfd1 Re8 25. Kf1 f5 $11 {Weber,P-Rosen,B/Germany,1991(1/2-1/2)(70)}) 17... Nh5
18. Qh3 Nxd3 19. Qxd3 Nf4 20. Bxf4 Qxf4 21. Rfe1 (21. g3 $143 Qe5 22. Rad1 Rac8
23. Rd2 Rc6 24. Rfd1 g6 $11 {1/2-1/2 Navara,D-Ptacnikova,L/Olomouc 2000/CBM 77
ext (33)}) 21... g6 $6 (21... a6 $5) 22. Qb5 $1 Rxe1+ 23. Rxe1 Rc8 24. g3 Qf6
25. Re2 $14 {Yudasin,L-Sion Castro,M/Leon,1992(1-0)(49)}) ({and} 15. Bxe2 Ne4
16. Qf4 Qd5 $1 {[%csl Rg5]} 17. Bf3 (17. Bh4 $4 g5) 17... Qxg5 18. Qxe4 Rfe8
19. Qg4 Qxg4 20. Bxg4 Ne5 $11 {Mendeiros,J-Krivokapic,R/Paris,1993(0-1)(45)})
15... Qd5 $5 $146 ({Was checked in the previous game:} 15... Qd7 16. Bxe2 Rfe8
17. Rfe1 Re7 18. Bf3 $14 Rae8 19. Rxe7 Rxe7 20. Re1 Rxe1+ 21. Qxe1 h6 22. Qe2
g5 $6 (22... Qf5 $5) 23. Bc1 Qc7 24. h4 $1 $16 {[%csl Rg5,Rh6] Kupreichik,
V-Palatnik,S/Rostov,1980(1-0)(41)}) 16. Bxe2 Rfe8 17. Rfe1 ({Does not cost to
hasten with:} 17. Bf3 {because of:} Qb5 {[%csl Rb2]}) 17... Rad8 {Shipov.
"Black were beautifully placed on the centre, but I do not consider, that they
have equality.NN is weaker than the BB.} 18. Bd3 Ne5 {[%mdl 256]} 19. Bxe5 Rxe5
{Black have made half of task - has destroyed of one bishop.} 20. Rxe5 Qxe5 21.
Re1 {+/=/=} Qc7 22. h3 {The useful preventive move.} g6 23. Qb4 Kg7 24. Re7 Rd7
25. Rxd7 Qxd7 26. c3 {Shipov:All is competent. The open more position, the the
superiority of the B above N is more felt. Only of material is small.} dxc3 27.
Qxc3 Qd6 28. Be2 {Shipov."White has a proof advantage. Especially,if they will
exchange queens and centralize the king".} b6 29. h4 h6 {Shipov."Black's pawn
leave a field of sight of the white bishop".} 30. g3 Kg8 31. Bf3 {[%csl Gf3]
[%cal Gf3a8]} Kg7 32. b4 g5 $1 {Than less pawns, the better for the defending
party.} 33. hxg5 hxg5 34. Kg2 Kg6 35. Qc2+ Kh6 36. Qc3 Kg6 37. a4 {Differently
it is not visible,as it is possible to strengthen a position.} Nd7 38. Qc8 Ne5
39. Be4+ Kg7 40. Qc3 Qf6 41. Bb7 Ng4 42. Qxf6+ ({Also equality,after:} 42. Qd2
Ne5) 42... Nxf6 $11 43. Kf3 Kf8 {[%cal Gf8e7,Ge7d6,Gd6e5]} 44. Ke3 Ke7 45. f4 (
45. Kd4 $144 Kd6 {[%cal Gf6g4]}) 45... gxf4+ 46. Kxf4 Ne8 47. Ke5 Nc7 48. g4 {
Shipov." Black have constructed a fortress. Now it is possible to put at pawn
on f6. A drawn game!"} 1/2-1/2

[Event "Athens Acropolis"]
[Site "Athens"]
[Date "2004.11.18"]
[Round "3"]
[White "Kotronias, Vasilios"]
[Black "Tzermiadianos, Andreas"]
[Result "1/2-1/2"]
[WhiteElo "2599"]
[BlackElo "2453"]
[Annotator "Golod,V"]
[PlyCount "46"]
[EventDate "2004.11.16"]
[EventType "tourn"]
[EventRounds "9"]
[EventCountry "GRE"]
[EventCategory "10"]
[SourceTitle "CBM 105"]
[Source "ChessBase"]
[SourceDate "2005.04.11"]
[SourceVersion "1"]
[SourceVersionDate "2005.04.11"]
[SourceQuality "1"]

1. e4 c5 2. Nf3 Nc6 3. d4 cxd4 4. Nxd4 Nf6 5. Nc3 e6 6. Nxc6 bxc6 7. e5 Nd5 8.
Ne4 Qa5+ 9. c3 f5 10. exf6 Nxf6 11. Nxf6+ ({I am positive that it would be
much better:} 11. Nd6+ $5 Bxd6 12. Qxd6 Ba6 ({recently was checked up another
continuation:} 12... Qd5 $6 13. Bf4 Ne4 14. Qxd5 exd5 15. f3 Nf6 16. Kd2 $16 {
Kotronias,V-Thorfinnsson,B/Caleta,2005(0-1)(37)}) 13. Bxa6 Qxa6 14. Be3 $14 {
Landa,K-Filipenko,A/Katowice,1992(1/2-1/2)(42)}) (11. Bd3 $143 {You can see my
comments to Brodsky,M-Beshukov,S/Krasnodar,1999/CBM 75(0-1)(63)}) 11... gxf6
12. Be2 Qd5 $5 ({On:} 12... Ba6 $6 {you can find ten games in Mega DataBase
2005}) ({Also once was checked in the preceding game:} 12... h5 13. Qd3 Kf7 {
and so on.}) 13. Bh5+ {White have deprived of contender of an opportunity to
make castle.} (13. Qxd5 $6 cxd5 14. Be3 a5 {[%cal Gc8a6] with convenient game
for Black.}) 13... Kd8 14. Qe2 ({Now,already precisely,there is no sense to
exchange the queens:} 14. Qxd5 cxd5 {as white's bishop is on a unsuccessful
position.}) 14... Qe5 $5 $146 {According to my database it's a novelty.In
previous game Black chose:} (14... Qxg2 $6 15. Bf3 Qh3 16. Be3 {/\0-0-0} Ba6 $2
(16... d5 $5 17. O-O-O $36 {[%csl Rd8]}) 17. Qxa6 Qxf3 18. Rg1 Rb8 19. b4 Bd6
20. Rd1 {+/=/+/- Oll,L-Mellado Trivino,J/Oviedo,1991(1-0)(37)}) 15. Be3 ({
After exchange of queens:} 15. Qxe5 $6 fxe5 16. Be3 d5 {[%csl Yc6,Yd5,Ye5,Ye6]
White can not expect even for the minimal positional advantage.}) 15... Bc5 {
For Black it's certainly favourable to exchange these bishops.} 16. Bxc5 Qxc5
17. O-O-O {White have hidden the king and now can quietly begin game on centre
and king side.} (17. Rd1 $143 Qe5 18. Qxe5 fxe5 19. O-O Ke7 $11) 17... Kc7 18.
f4 {White prevent a movement of the pawns chain of contender.} Rb8 {<->b} 19.
Rd4 Qa5 $1 $132 20. a3 $140 Ba6 {/^a6-f1 Andreas Tzermiadianos tries to make
active all his pieces.} 21. Qd1 {[%csl Yd1,Rd7][%cal Yd1h5]} Rhd8 (21... d5 $6
22. Re1 $14 {קe6} (22. Qg4 $143 Qb6 23. Qg7+ Kd6 $13)) 22. Re1 c5 23. Rd2 ({
Hardly it was better:} 23. Ra4 $6 Qb6) ({or} 23. Qa4 Qxa4 24. Rxa4 Bb5 25. Ra5
(25. Rxa7+ $4 Kb6 {[%csl Ra7]}) (25. Rae4 $143 Bc6 26. R4e2 Rg8 27. g3 c4 $15)
25... c4 26. a4 Bc6 27. Rc5 Kd6 28. Rxc4 Bxg2 $11) 23... Rxb2 $1 (23... Rxb2 $1
{After this nice sacrifice the contenders agreed for a draw, because of next
these variations:} 24. Rxb2 (24. Kxb2 $4 Rb8+ 25. Qb3 (25. Ka2 $143 Bc4+ 26.
Ka1 Qxa3+ 27. Ra2 Qxa2#) 25... Rxb3+ 26. Kxb3 c4+ 27. Kb2 Qxh5 $19) 24... Qxc3+
25. Kb1 (25. Rc2 Qa1+ 26. Kd2 Qd4+ {with perpetual check.}) 25... Bd3+ 26. Ka2
(26. Ka1 Qxa3+ 27. Ra2 Qc3+ 28. Rb2 Rb8 (28... Qa3+ $11) 29. Qd2 Qd4 30. Qa5+ (
30. Qf2 Qc3 31. Qd2 Qd4 $11) 30... Kd6 31. Qa3 Rxb2 32. Qxb2 Qa4+ 33. Qa2 Qd4+
{with perpetual check.}) 26... Bc4+ 27. Kb1 Bd3+ {with perpetual check}) ({
I can not recommended in this position:} 23... Rb6 24. Be2 {+/=/=}) 1/2-1/2

[Event "Linares 18th"]
[Site "Linares"]
[Date "2001.02.28"]
[Round "5"]
[White "Shirov, Alexei"]
[Black "Grischuk, Alexander"]
[Result "1-0"]
[WhiteElo "2718"]
[BlackElo "2663"]
[Annotator "Golod,V"]
[PlyCount "63"]
[EventDate "2001.02.23"]
[EventType "tourn"]
[EventRounds "10"]
[EventCountry "ESP"]
[EventCategory "19"]
[SourceTitle "CBM 082"]
[Source "ChessBase"]
[SourceDate "2001.05.17"]
[SourceVersion "1"]
[SourceVersionDate "2001.05.17"]
[SourceQuality "1"]

1. e4 c5 2. Nf3 Nc6 3. d4 cxd4 4. Nxd4 Nf6 5. Nc3 e6 6. Ndb5 Bb4 7. a3 Bxc3+ 8.
Nxc3 d5 9. Bd3 $5 {White first turns from the mainline theoretical variation:
9.exd5!? See comments to Zapata,A-Lima,D/Santos,2001/CBM 82(1-0) (Golod,V)(34).
} d4 {Rare move.More popular is:} (9... dxe4 $5) 10. Ne2 e5 {Simply and good
move. Black opens Bc8 and places PP on the black squares in view of factor of
black-squares bishop exchange.} 11. O-O O-O 12. h3 Re8 {[%csl Re4,Ge8] It is
necessary to take under the control pawn "e4",preventing progress f2-f4.} ({
Impossibly:} 12... Nh5 $4 {because of:} 13. Nxd4 $16 {[%csl Rh5]
Bojkovic-Paaasikangas/Subotica,1991(1-0) (31)}) 13. Ng3 ({Unpleasant for Black
seems:} 13. Bg5 {[%csl Rf6][%cal Gg5d8] but after:} h6 14. Bh4 {and then:} g5
$1 15. Bg3 $140 Nh5 16. Bh2 Nf4 $11 {Black has good position.}) 13... Be6 $5
$146 {[%mdl 8]} ({Was checked in the previous game:} 13... Nd7 {You can see
comments to Ponomariov,R-Kortschnoj,V/Donetsk,2001/CBM 81(1/2-1/2) (Golod,V)
(63)}) 14. f4 exf4 15. Bxf4 Nd7 {Shipov makes the following comments in "Club
Kasparov":"It's idea of Grischuk.He at first has passed the bishop on e6.
Looks not bad. Black should be in the order."} 16. Qh5 {[%csl Re5,Gf4,Gh5]} g6
$6 {[%csl Rf6,Rg7] The not compelled easing black squares.} ({Much better:} 
16... Nf6 $5 17. Qf3 $140 Nd7 {[%csl Re5][%cal Gd7e5]}) 17. Qh6 $40 {[%mdl 128]
With threat:18.e5 and 19.Nh5 (עg8).} Qf6 $6 ({Shipov."Can be recommended:} 
17... f6 $5 {"}) 18. Bg5 Qg7 19. Qh4 Nce5 {[%csl Yd7,Ge5][%cal Yd7f6]} 20. Bh6
({Badly:} 20. Nf5 $4 {because of:} gxf5 21. exf5 Bd5 22. f6 $140 Nxf6 $1 {
[%csl Rg2]} 23. Rxf6 Nxd3 24. cxd3 (24. Rd6 Rad8 $1 {[%csl Rg2]} 25. Rxd8 Rxd8
26. cxd3 f6 $19 {[%csl Rg2]}) 24... Re5 $19 {[%csl Rg2,Rg5]}) 20... Qh8 21. Nf5
$1 {[%csl Rh8][%cal Gh6g7] The attack white gears up. The position black
becomes very dangerous.} Bxf5 ({Weakly:} 21... gxf5 {in view of:} 22. exf5 Ng6
$140 23. fxe6 $1 Rxe6 (23... Nxh4 $4 24. exf7#) 24. Qf2 Qf6 25. Qd2 $16) 22.
exf5 Nxd3 23. cxd3 {[%csl Rg8]} Qe5 (23... Nc5 $143 24. Rf3 {[%cal Ga1f1] <->f;
עg8,Pf7}) 24. Rf4 {/\Raf1,<->f +/-} Nc5 25. Raf1 Nxd3 26. fxg6 $1 fxg6 ({
Loses right away:} 26... Nxf4 27. gxf7+ Kxf7 (27... Kh8 28. Bxf4 {[%csl Re5,
Re8,Gf7][%cal Gf7e8]}) 28. Bxf4 $18) 27. Rf7 $1 {Shipov."The most rigid
tactical decision.The item player, such as me, would play 27. Rxd4, and too
would win."} Nc5 28. Rg7+ ({Also win:} 28. Bf8 h5 29. Bxc5 Qxc5 30. Qf6 {
[%csl Rg8][%cal Gf6g7,Gf6g6] and mate in 3 moves.}) 28... Kh8 29. Rff7 $18 {
The further resistance is senseless.The rest is the matter of time.} Ne6 30.
Rxg6 d3 ({Impossibly:} 30... hxg6 31. Bg5+ Kg8 32. Qh7#) 31. Rg4 Rg8 (31... Ng5
$144 32. Bxg5 Qe1+ 33. Kh2 Qxh4 34. Rxh4 $18) 32. Rxh7+ (32. Rxh7+ Kxh7 33.
Bg7+ Qh5 34. Qxh5#) 1-0

[Event "American Continental 3rd"]
[Site "Buenos Aires"]
[Date "2005.08.14"]
[Round "9"]
[White "Alonso, Salvador"]
[Black "Lima, Darcy Gustavo Macha"]
[Result "1/2-1/2"]
[WhiteElo "2457"]
[BlackElo "2535"]
[Annotator "Golod,V"]
[PlyCount "109"]
[EventDate "2005.08.06"]
[EventType "swiss"]
[EventRounds "11"]
[EventCountry "ARG"]
[SourceTitle "CBM 109"]
[Source "ChessBase"]
[SourceDate "2005.11.14"]
[SourceVersion "1"]
[SourceVersionDate "2005.11.14"]
[SourceQuality "1"]

1. e4 c5 2. Nf3 e6 3. d4 cxd4 4. Nxd4 Nf6 5. Nc3 Nc6 6. Ndb5 Bb4 7. a3 Bxc3+ 8.
Nxc3 d5 9. exd5 exd5 10. Bd3 O-O 11. O-O d4 12. Ne4 Bf5 13. Bg5 Bxe4 14. Bxe4
h6 15. Bh4 ({A more popular move is:} 15. Bxf6 $5 {You can see my comments to
Zapata,A-Lima,D/Santos,2001/CBM 82(1-0)(34)}) 15... g5 16. Bxc6 bxc6 17. Bg3
Qd5 18. Qd3 {[%mdl 4]} ({White has a couple of options in this position. One
of them is:} 18. f4 $5 {in order to weaken position of black king. For further
information about this line you can see my annotations to Perunovic,
M-Golubovic,B/Neum,2002/CBM 90(1-0)(44)}) ({Previously was checked also:} 18.
f3 $5) (18. Re1 $5) ({and} 18. h4 $6) 18... Ne4 $11 {An important move - Black
prevents 19.c3. By this move he fully equalizes the position.} (18... Rfe8 $6
19. c3 (19. c4 $143 Qe4 20. Rad1 Rad8 21. f3 Qxd3 22. Rxd3 Nh5 23. Rfd1 Nxg3
24. hxg3 Re2 $11 {Kaminski,M-Sorokin,M/Slupsk,1992(1/2-1/2)(54)}) 19... dxc3
20. Qxc3 Ne4 21. Qc2 Nxg3 22. hxg3 $14 {Kunte,A-Collins,S/Port Erin,2002(1/2-1/
2)(37)}) 19. Rfe1 ({Previously was checked:} 19. Rad1 $5 Rad8 20. Rfe1 Nxg3 (
20... f5 $143 21. f3 Nxg3 22. hxg3 Rfe8 23. g4 Re3 24. Qxf5 Qxf5 25. gxf5 $14 {
Matthaei,A-Van Heirzeele,D/Germany,2001(1-0)(42)}) 21. hxg3 Rfe8 22. Kf1 Rxe1+
23. Rxe1 Kg7 $11 {Fatalibekova,E-Tsereteli,M/Nikolaev,1978(1-0)(40)}) 19...
Rfe8 20. Rad1 Rad8 21. f3 (21. Bc7 $5 Rc8 22. f3 Nc5 23. Rxe8+ Rxe8 24. Qf1 Ne6
25. Bg3 {1/2-1/2 Honfi,K-Zaitsev,A/Ordzhonikidze,1964(25)}) (21. Qa6 $6 Qc5 22.
b4 $2 (22. Re2 $5) 22... Qxc2 23. Rc1 Nxg3 24. hxg3 Rxe1+ 25. Rxe1 d3 $19 {
Kabisch,T-Raetsky,A/Gmuend,2002(0-1)(30)}) 21... Nxg3 22. Rxe8+ $6 $146 {
An inaccuracy. It was better to take the knight immediately and to save
control over the e-file:} (22. hxg3 $5 Re6 23. Rxe6 Qxe6 24. b4 Rd5 25. g4 a5
26. Kf1 $11 {Milliet,S-Skripchenko,A/Chartres,2005(1/2-1/2)(31)}) 22... Rxe8
23. hxg3 c5 {=/=/+ Black received a small advantage thanks to the more active
position of his pieces and control of the e-file.} (23... g4 $143 {leads to a
drawish position:} 24. c3 dxc3 25. Qxd5 cxd5 26. bxc3 Rc8 27. Rxd5 Rxc3 28. Ra5
$11 {[%csl Ra7]}) 24. c3 $1 {An attempt to exchange Black's central pawn.} (24.
b4 $6 c4 25. Qd2 (25. Qxd4 $2 Re1+ $19) 25... Rd8 $15 {[%cal Gd4d3]}) 24... Qb3
25. Rd2 (25. cxd4 $4 {is refuted by:} Re1+ {[%csl Gb3,Rd1,Rd3,Ge1,Rg1]} 26. Kh2
(26. Rxe1 Qxd3) 26... Qxd1 $19) 25... dxc3 26. Qxc3 Qxc3 27. bxc3 Re3 {After a
couple of exchanges the game looks drawish in the rook ending. Black continued
to keep an advantage and even wins a pawn, but it's not enough in order to win
the game.} 28. Rd7 $1 ({Much worse is} 28. Rc2 $6 {and White remains with a
passive rook.}) 28... g4 ({Also after:} 28... Rxc3 29. Rxa7 g4 30. Kf2 Rc2+ 31.
Ke3 (31. Kf1 $5) 31... Rxg2 32. fxg4 Rxg3+ 33. Kf4 Rc3 34. Rc7 {[%csl Rc5,Gc7]
[%cal Ga3a4] The position is drawish - Black couldn't make a good use of his
extra pawn.}) 29. fxg4 ({For:} 29. Kf2 Rxc3 30. Rxa7 {see comments to White's
28th move.}) 29... Rxg3 30. Rxa7 Rxg4 31. Rc7 $11 {The position is drawish and
the rest of the game is absolutely senseless.} Rc4 32. a4 Rxc3 (32... Rxa4 $143
33. Rxc5 $11) 33. a5 Kg7 34. a6 Ra3 35. a7 Ra2 36. Kh2 c4 37. Kg3 c3 38. Kf3 c2
39. Rxc2 Rxa7 40. Rc3 Ra6 {Also, without White's g-pawn this rook endgame with
the h- and f-pawns is a theoretical draw. It's hard to imagine how White could
lose this position, and for what hope GM Darcy Lima continued to play.} 41. Rb3
Rf6+ 42. Kg3 Kg6 43. Ra3 Kg5 44. Rb3 Rf5 45. Ra3 Rf1 46. Kh2 f5 47. Rg3+ Kf6
48. Rh3 Kg6 49. Rg3+ Kh7 50. Ra3 Rf4 51. Ra6 Rg4 52. Kh3 Rg5 53. g3 Kg7 54. Rb6
Rg6 55. Rb7+ 1/2-1/2